| 000 | 00402nam a2200157Ia 4500 | ||
|---|---|---|---|
| 008 | 230917s9999||||xx |||||||||||||| ||und|| | ||
| 040 |
_e200008 _aMAIN |
||
| 041 | _aEnglish | ||
| 082 | _a342 J199P(6) | ||
| 100 | _aJain, M P | ||
| 245 | 0 | _aPrinciples of administrative law | |
| 250 | _a6th ed. | ||
| 260 |
_aNagpur _bLexisNexis Butterworths Wadhwa _c2011 |
||
| 300 | _aclviii,1077 p. | ||
| 942 | _cBK | ||
| 999 |
_c169321 _d169321 |
||